[Event "Open de Gatineau"]
[Site "Gatineau"]
[Date "2024.05.25"]
[Round "1"]
[White "Han, Johnathan"]
[Black "Sowa, Ryan"]
[Result "1-0"]
[WhiteElo "2407"]
[BlackElo "2310"]
[Annotator "Johnathan Han"]
[PlyCount "131"]
[EventDate "2024.05.??"]
[EventType "swiss"]
[EventCountry "CAN"]
[SourceTitle "Chess Canada '24.08"]
[Source "CFC/John Upper"]
[SourceDate "2024.08.27"]
[SourceVersion "1"]
[SourceVersionDate "2024.08.21"]
[SourceQuality "1"]
[WhiteTeam "2407"]

{[%mdl 32768][%evp 0,131,21,29,34,30,32,25,57,38,25,-12,28,31,35,44,15,13,23,1,
18,6,25,20,22,4,6,-16,-10,-4,-4,1,8,8,14,14,19,-2,20,26,27,26,22,19,25,39,43,
65,77,77,95,87,70,85,120,98,98,106,71,61,68,110,110,110,110,110,110,102,110,
110,105,104,130,52,88,85,94,41,45,39,37,30,30,66,130,116,110,135,118,124,148,
122,102,83,83,83,74,60,56,99,155,48,48,66,72,74,100,100,100,100,100,100,175,
175,191,191,191,191,191,199,214,214,209,182,240,485,485,485,505,507,527,505,
537,547]} 1. e4 e6 {I was already surprised as I didn't know my opponent
played the French.} 2. d4 d5 3. Nc3 Nf6 4. e5 Nfd7 5. f4 c5 6. Nf3 Nc6 7. Be3
Be7 8. Qd2 O-O 9. dxc5 {[#]} Nxc5 (9... Bxc5 {Is also an option that usually
leads to quick liquidations.} 10. O-O-O Qb6 11. Nd4 Nxd4 12. Bxd4 Bxd4 13. Qxd4
Qxd4 14. Rxd4) 10. O-O-O a6 $14 {At this point, I knew I was still in theory
but I wasn't sure what the right move was} 11. Qf2 $2 {This forces ...b6 and
stops ...b5 for a few moves, but ...b5 itself is not much of a problem.} ({
I could have been more aggresive with} 11. h4) ({or} 11. Kb1 b5 12. Bxc5 Bxc5
13. Bd3 {Setting up Bxh7 ideas}) 11... b6 12. Nd4 $6 {Blockading the d4 square
shouldn't be a priority.} ({The knight on f3 is also on a very good square to
support my kingside attack.} 12. Kb1 Bb7 13. f5) 12... Bb7 {[#]} 13. h4 ({
editor: still in theory!} 13. Nxc6 Bxc6 14. Bd4 Qc7 15. Qe3 Rfc8 16. Bd3 Nxd3+
17. Rxd3 b5 18. Ne2 b4 19. Rd2 $1 Ba4 $5 20. b3 Bb5 $15 {Robson,R (2656)
-Shankland,S (2661) USA-ch Saint Louis 2015 (8) 1/2-1/2}) 13... f6 ({Black can
also prepare ...b5 with} 13... Rc8 14. Kb1 Nxd4 15. Bxd4 b5) 14. exf6 Bxf6 15.
g3 $6 (15. Nxc6 Bxc6 16. Bd4 {Now, black can't play ...e5:} e5 $2 17. Bxc5 bxc5
18. Qxc5 $18 {and the bishop on c6 is hanging}) {[#]} 15... Bxd4 $2 {My
opponent chooses to simply accept a worse position.} (15... Nxd4 16. Bxd4 e5
17. Bxc5 bxc5 {Now, with the bishop on b7, Qxc5 is less of an issue for black.}
18. Bc4 {I thought this was good for me but somehow after} (18. Qxc5 exf4 $15)
18... exf4 19. Nxd5 Bd4 20. Nxf4+ Kh8 $11 {I think I overestimated my position.
}) 16. Bxd4 $16 Nxd4 17. Qxd4 Qf6 {[#]} 18. Bg2 ({I wanted to prevent any
nonsense on the a8-h1 diagonal, but} 18. Bh3 {puts more pressure on the e6
pawn which is the main weakness in black's position.}) 18... Qxd4 19. Rxd4 Rae8
20. Re1 Bc6 {[#]} 21. Re3 $5 {My idea was to play Ne2.} ({If} 21. Ne2 {
immediately, black might be able to play} e5) (21. h5 $1 {I believe this is
the best move. I should have played this many times during this game as it
essentially stops black from ever playing ...g5. If black plays ...g6, in some
lines, white also can go h6 creating a weakness on h7.} g6 22. h6 $16) ({
I could have also played} 21. Rd2 {The knight probably belongs on d4 instead
of e5 since it will target the e6 pawn} g6 22. Ne2) 21... Kf7 ({This doesn't
accomplish much. Black should've played} 21... g6 {to prevent me from playing
h5}) 22. Ne2 Re7 23. Ng1 h6 $2 {This weakens the g6 square too much.} (23... g6
$142 {again, preventing h5. Black should try to sit still and create as little
weaknesses as possible.}) 24. Nf3 {[#]} Nd7 {I could tell that my opponent was
going full-passive defense.} ({The e6 pawn is a weakness but black shouldn't
require all his pieces to defend it.} 24... Rc7 25. Rd1 Kf6 26. Nd4 Bd7 {
If I ever try to attack the e6 pawn with} 27. Bh3 {at the very least, black
can block the e-file with:} Ne4) 25. Rd1 (25. h5 $142 {again, this is a move
that I should play automatically.}) 25... Bb7 26. Bh3 $6 (26. h5 $1) 26... Bc8
$6 (26... g6 $16 {Now, black has ideas to go ...Kf6 and prepare ...g5. If I
had played h5, all these options are gone.}) 27. Rde1 Rfe8 $18 {[#] The last
few moves have all been improving moves and I've built up my advantage to a
pretty much winning position, but black is preparing to play ...Nc5 with some
counterplay, so I realized I kind of need to do something quick.} 28. Rc3 {
Threatening Rc7.} Nc5 {My opponent chooses to go down the forcing variation.} (
28... Bb7 {prevents Rc7 for the time being and was probably a better defense.}
29. Rc7 Nc5 30. Rxe7+ Rxe7 $14 {trading one pair of rooks would massively
benefit Black as it relieves some pressure.}) 29. Ne5+ Kg8 {This pretty much
leads us down a forcing line.} ({The other option is to move forward with} 
29... Kf6 {but this looks very scary and after} 30. g4 {Threatening checkmate.}
g5 31. fxg5+ hxg5 32. Rf3+ Kg7 33. h5 {This was probably what my opponent saw
since this is what I calculated as well and he probably didn't like it.}) 30.
Ng6 Ra7 {[%mdl 64] [#] Critical Position} 31. b4 {editor - Removing the guards
of e6 wins a pawn and wrecks Black's center.} Ne4 32. Rxc8 Rxc8 33. Bxe6+ Kh7
34. Bxc8 Kxg6 35. g4 $18 Kf6 {[#]} 36. Bf5 $4 {I played a nice combination but
completely squandered my advantage with this move.} (36. h5 {again, this move
stops any nonsense.}) 36... Re7 $4 (36... h5 $1 {and suddenly, there will be a
liquidation into a rook endgame which should be a draw.} 37. Bxe4 dxe4 38. Rxe4
hxg4 $11) 37. h5 Nc3 {[#] At this point, I felt like I should still be winning
but I could not find the best move. I ended up spending a lot of time and
playing the second best line.} 38. g5+ $4 (38. Rxe7 Kxe7 39. Kb2 Ne2 {is what
I was scared of, but after} 40. Bd3 Nxf4 41. Bxa6 $18 {White's a-pawn will win
the game.}) 38... Kf7 39. Bg6+ Kf8 40. Rf1 $16 Nxa2+ 41. Kd2 Nxb4 42. Rb1 a5
43. c3 Nc6 44. Rxb6 Rc7 {[#]} 45. gxh6 $2 ({Black is somewhat out of moves so
I can keep the tension with} 45. Bd3 a4 46. Ra6 $16) 45... gxh6 46. f5 {
If I can get the pawn to f6, I would be winning. My opponent probably didn't
see a way to stop it so he went for the rook endgame} Ne5 (46... a4 $2 47. f6 {
If I can get the pawn to f6, black will be forced to put the rook on the back
rank.} a3 48. Ra6 Rc8 49. Rxa3 $18) 47. Re6 {[#]} Nxg6 $4 (47... Nf3+ 48. Kd3
Rc6 $3 $11 {and suddenly, it's a draw. This was actually the only way to save
the game and of course, we both missed it.} 49. Rxc6 Ne5+) 48. hxg6 $18 {
This endgame is tricky, but I evaluated that it was winning. I thought Black
had to push the h-pawn so it makes the calculation pretty straightforward, but
apparently Black has many tricky ideas.} Kg7 49. Ra6 h5 50. Rxa5 Kf6 51. Rxd5 {
[%mdl 64] [#] Critical Position What happens after 51...Rc8?} h4 (51... Rc8 $5
{Very strange idea. The rook wants to go to h8 and then distract the rook from
defending the pawns. At first, the computer isn't even sure if White is
winning, and it turns out White somehow has to find a lot of only moves to win
the game.} 52. Kd3 $8 {Bringing the king to defend the f5 pawn is apparently
the only way to win.} h4 53. Rd4 $8 (53. Ke4 $2 {trying to get the R to h7
only draws vs} Rc4+ $11 ({or} 53... Kg5 $11)) 53... Rh8 (53... Kxf5 {
transposes to the game:} 54. Rxh4 $8 Kxg6 55. Rf4 $8 $18) 54. Ke4 $8 h3 55.
Rd6+ $8 Kg7 56. Rd7+ Kf6 (56... Kh6 57. Kf4 h2 58. Rd1 $8 Kg7 59. Kg5 $1 $18)
57. Rf7+ $1 Kg5 58. g7 $1 (58. Rh7 $18) 58... Rg8 59. Kf3 $8 $18) 52. Rd4 Kxf5
53. Rxh4 Kxg6 {[#]} 54. Rf4 $8 {In rook endgames, you always want to cut of
the opponent's king.} Kg5 55. Rf1 Rc8 56. Kd3 Rd8+ 57. Ke4 Re8+ 58. Kd4 Rd8+
59. Ke5 Re8+ 60. Kd6 Rc8 61. Rc1 $8 (61. Rf3 $2 Kg4 $11) 61... Kf6 62. c4 Rd8+
63. Kc7 Rd4 64. c5 Ke6 65. c6 Rh4 66. Kc8 {Not the best game. I missed many
chances to potentially win in a quicker or easier way and I allowed a lot of
counterplay that my opponent luckily missed.} 1-0

[Event "Open de Gatineau"]
[Site "Gatineau"]
[Date "2024.05.26"]
[Round "4"]
[White "Han, Johnathan"]
[Black "Rodrigue-Lemieux, Shawn"]
[Result "1-0"]
[WhiteElo "2407"]
[BlackElo "2634"]
[Annotator "Johnathan Han"]
[PlyCount "133"]
[EventDate "2024.05.??"]
[EventType "swiss"]
[EventCountry "CAN"]
[SourceTitle "Chess Canada '24.08"]
[Source "CFC/John Upper"]
[SourceDate "2024.08.27"]
[SourceVersion "1"]
[SourceVersionDate "2024.08.21"]
[SourceQuality "1"]
[WhiteTeam "2407"]

{[%mdl 32768] Going into this round, we were the only two players on 3/3. The
last few times we had played. Shawn had surprised me with different openings
so I somewhat expected him to go back to the caro-kann.} 1. e4 c6 2. d4 d5 3.
Nd2 dxe4 4. Nxe4 Nf6 5. Nxf6+ exf6 6. c3 Bd6 7. Bd3 O-O 8. Ne2 Re8 {[#]
Obviously, there are many different ways white can play here. Shawn and I have
played many times in positions with 0-0-0 so I decided to castle kingside.} 9.
O-O Nd7 10. Ng3 {Black has many options here, but the game continuation
requires black to be very precise in the following moves and they aren't easy
to see.} Nf8 ({Black can also play} 10... g6 {with the idea of if white plays}
11. f4 (11. Bh6 f5 $14) 11... f5 {with the idea of ...Nf6-e4.}) {[#]} 11. f4 {
If I can get f4-f5, black's position is going to be very passive and white
also has chances at a kingside attack with ideas like Nh5 and Qg4.} (11. a4 {
The engine really likes this move and says that white is slightly better.
White's plan is to create a bind on black's queenside structure.} Qc7 12. a5
Bd7 13. b4 $14) 11... c5 $1 {Practically an only move. Black needs to generate
counterplay immediately. I was pretty surprised that my opponent spent around
20-30 min since this is still somewhat theory.} ({To illustrate how quickly
black's position can collapse, if black plays a normal move like} 11... g6 {
after} 12. f5 $16 {Black's position is almost paralyzed and most likely, black
has to go for c5} c5 13. Bf4 Bxf4 14. Rxf4 $16) 12. d5 g6 $11 {Again, pretty
much forced. Black has to challenge white's idea of playing c4-b3-Bb2 by
preparing ...f5 and ...Be7-f6.} 13. c4 f5 14. b3 Be7 15. a4 {My preparation
ended on the next move but this was my main idea. The point is that my rook
will go from a2 to e2 in the future, and a4 also prevents some ...b5 ideas.} (
15. Bb2 {is a simpler alternative,} Bf6 16. Bxf6 Qxf6 17. Ne2 $11) 15... Bf6
16. Ra2 $11 {[#] This position is equal but I thought it was easier to play
with white because of my pawn on d5.} Bd7 {A slight inaccuracy. My opponent
wanted to go for b5 but probably should have kept the position as is.} (16...
Qd6 {saves a tempo for black over the game line} 17. Kh1 Bd7) 17. Re2 $6 {
This allows black to play a quick ...a6-b5.} (17. Kh1 {I should have started
with a useful waiting move, and Kh1 is a move I probably want to play anyway
to get off the open diagonal. This also vacates the g1 square for a possible
Ne2-g1-f3 maneuver if black doesn't do anything about it.}) 17... Rxe2 (17...
a6 18. Rxe8 Qxe8 19. a5 Qd8 20. Bd2 b5 21. axb6 Qxb6 {and without a rook on
the a-file, black can go for a quick ...a5-a4.}) 18. Nxe2 a6 19. Be3 Qe7 20.
Bf2 {[#]} Qd6 ({Black needs to prevent white from playing a5 by either playing
} 20... b6) ({or} 20... a5 {My opponent probably didn't like how passive this
position is for him.}) 21. a5 $1 $14 {A very important move and now the c5
pawn is a permanant weakness} b5 $2 {A bad move but my opponent was already
commited to this plan} 22. axb6 Qxb6 23. Bc2 $16 a5 24. Nc1 $1 {[#] Rerouting
to d3} Bc8 $2 ({I was mostly scared of} 24... a4 25. bxa4 Qb4 26. Nd3 Qxc4 27.
Bb3 Qc3 28. Nxc5 Rc8 {I got to this pretty much forcing line and I wasn't sure
what to play.  I thought at the very least I had} 29. Nxd7 ({The right move was
} 29. Qc2 $1 Qb4 30. Nxd7 $1 Rxc2 31. Nxf6+ Kh8 32. Bxc2 $16 {White should be
able to win. editor - Black gets a piece back with the fork} Qc3 {but the
passed a- and d-pawns are too strong when supported by White's pieces; e.g.}
33. d6 Qxf6 34. Rd1 $8 Qe6 35. Rd4 $1 (35. a5 {also wins, but is much more
computerish.}) 35... Qa2 36. Bd3 $1 $18 {with excellent coordination.
Importantly,} Ne6 {fails to} 37. d7 $8 $18) 29... Nxd7 30. d6 $16) 25. Nd3 $16
Nd7 26. Re1 Bb7 27. Ne5 Rd8 28. Qf3 {[#]} Nb8 $2 $18 {My last few moves have
all been pretty natural, so I'd played them quickly and accumulated a very big
time advantage. I knew I was a lot better here, so I had to find a way to
convert my advantage.} (28... Qd6 $142 {when it still might take more work
from White to win.}) 29. Qe3 {A good move, but I still wasn't sure what to do
after. I saw this move forced ...Rc8, so I thought it couldn't be bad.} ({
The computer already recommends} 29. Bxf5 gxf5 30. Qh5 Qc7 31. Qxf5 Bg7 32. Bh4
Rf8 {I saw up to here and I wasn't sure how easy this position is. It turns
out White has a brute-force win:} 33. Bf6 Bxf6 34. Qxf6 Qd8 35. Qh6 Nd7 (35...
Bc8 36. Re3 $8 $18) 36. Nxd7 $8 Qxd7 37. Re3 $18) 29... Rc8 ({If} 29... Na6 30.
Nd7 Qd6 31. Nxf6+ Qxf6 {Without the dark squared bishop, black is completely
lost.}) 30. Qg3 $2 {A step in the wrong direction. My pieces are already in
great positions so I should try to open up the black king.} ({I wasn't sure
about opening my king's position with} 30. g4 $1 {but my pieces are so well
placed I should have spent more time to realize that my king isn't in danger.}
fxg4 31. Nxg4 Bg7 32. f5 $18) 30... Bg7 {[#]} 31. Nd3 $4 {Way too slow and
allowing black to reactivate. I played 31.Nd3 as I thought black would play ...
Re8 otherwise. But after} (31. h4 Re8 32. Kh2 Qd6 33. Nd3 {the c5 pawn is
still very weak.}) 31... Nd7 32. Re7 Qd6 33. Qe3 {[#]} Bd4 $4 {Missing the
infiltration with 35.Qe7.} (33... Bf6 34. Re8+ Rxe8 35. Qxe8+ Kg7 $16 {
Suddenly, black's pieces are starting to activate and this position is not
clear.}) 34. Re8+ Kg7 35. Qe7 $18 Bxf2+ 36. Kxf2 Qb8 37. Rxc8 Bxc8 {[#]} 38.
Ke2 $1 {The top computer choicen but not for the reason I thought.} ({I wanted
to play} 38. Ne5 {but I was scared of} Qb4 39. Qxf7+ Kh6 {I completely missed
that} 40. Nf3 {protects the d2 square.}) ({Additionally, 38.Ke2 sidesteps} 38.
Nxc5 $4 Qb6 $19) 38... Qb6 39. Kd1 $2 ({I should have played the pretty obvious
} 39. Ne5 Qf6 40. Qxf6+ Nxf6 41. Nc6 {and this endgame is completely winning:}
Ba6 42. Bd3 $18 {I thought maybe black had some holding chancesm but it should
be completely winning.}) 39... Qf6 40. Qe8 Nb6 {[#] At this point, there are
many ways to win. We were both almost playing off increment at this point, so
I went for a zero risk approach. In hindsight, I gave black many opportunities
with this approach.} 41. Qe5 ({For example. in this position} 41. Nxc5 Qd4+ 42.
Nd3 Qg1+ 43. Qe1 Qxg2 44. Qc3+ {White is completely winning, but I didn't go
for it since I thought black had some counterplay.}) 41... Nd7 42. Qe3 $4 (42.
Qc7 Qa1+ 43. Nc1 Qd4+ 44. Bd3 {White will win either the bishop or the knight.}
) 42... Qd6 $2 {Missing a chance} ({Immediately after I played Qe3, I saw that
Black could go} 42... a4 $1 43. bxa4 Qc3 $16 {and suddenly, there is only one
move where white keeps an advantage.} 44. Qe8 $8 Nf6 45. Qe5 (45. Qxc8 $4 Ne4
$19) 45... Qxc4 46. d6 {White is still better but this is definitely not what
I wanted.}) 43. Qe8 Qf8 44. Qe3 Ba6 {[#]} 45. Ne5 $2 ({I could have won a pawn
immediately with} 45. Qd2 Qd8 (45... a4 {fails to} 46. bxa4 Bxc4 $2 47. Qc3+
$18) 46. Nxc5 Nxc5 47. Qd4+ $18) 45... Nf6 $2 {This move basically paralyzed
his knight for the rest of the game.} (45... Qe7 $1 46. Qc3 Nxe5 47. fxe5 {
I thought this pawn structure would be hard for black to defend, but the white
pawns are somewhat blockaded since advancing them opens the position and gives
Black some counterplay.} Bc8 48. e6+ Kg8 49. exf7+ Kxf7 50. Qh8 $1 {Only move
where white has a big advantage, but this was not an easy move to see.}) 46.
Qc3 $18 {Now, I win the a5 pawn.} Qd8 47. Nc6 Qc7 48. g3 a4 49. bxa4 {[#] The
next few moves, I just shuffled my pieces and tried to think of a plan.} h6 50.
a5 Bc8 51. Kc1 Bd7 52. Ne5 Bc8 53. Qa1 Ba6 54. Qa4 {I was trying to infiltrate
with Qc6, but obviously black shouldn't let that happen.} Qd8 55. Qa3 Qc7 56.
Qa1 Qd8 57. Nc6 Qe8 58. Ne5 Qd8 {[#] At this point, I saw that it was
difficult to break through on the queenside, so I focused on playing g4-g5.}
59. h3 Qc7 60. Qc3 Qd8 61. g4 Bc8 {[#]} 62. Nc6 ({The immediate} 62. g5 {
also wins, but I didn't want to allow any counterplay with:} hxg5 63. fxg5 Ne4
64. Bxe4 Qxg5+ 65. Kb2 fxe4 66. d6 $18 {is still winning, but there's no
reason to allow this.}) 62... Qc7 63. Qe5 Qxe5 64. fxe5 Ne8 65. gxf5 gxf5 66.
Ne7 Ba6 67. d6 1-0